000 00872nas a2200289 4500
001 BR0304536
003 BR-BrBNA
005 20231205104045.0
007 ta
008 230509b bl.|||p| |||| 00| 00por d
040 _aBR-BrBNA
_bpor
_cBiblioteca Nacional de Agricultura
041 _a(En)
072 _aF30; H10
100 1 _aAlvarez, M. del P.
100 1 _aMiranda Filho, J.B. de
245 1 _aDiallel crossing among maize populations for resistance to fall armyworm
650 _aMILHO
650 _aLAGARTA
650 _aPRAGA DE PLANTA
650 _aGERMOPLASMA
650 _aCRUZAMENTO DIALÉLICO
650 _aPOPULAÇÃO DE PLANTA
650 _aVARIEDADE RESISTENTE
773 0 _tScientia Agrícola (Brazil)
_xISSN 0103-9016
_g(Oct-Dec 2002), v. 59(4) p. 731-741
_wBR0304536
909 _a202311
_bLúcia
_c55
_dLúcia Elande
942 _2AGRIS
_n0
_cANA
999 _c176113
_d176113